World Cup Winner 1930-2022 - Statistiques

Statistiques générales
  • Ce quiz a été pris 960 fois
    768 depuis la dernière actualisation
  • Le résultat moyen est 19 sur 22
Statistiques - réponses
Hint Réponse % Correct
2018 France
99%
1998 France
99%
2022 Argentine
98%
1986 Argentine
98%
1978 Argentine
98%
2014 Allemagne
95%
1990 Allemagne
95%
1974 Allemagne
95%
1954 Allemagne
95%
2006 Italie
93%
1982 Italie
93%
1938 Italie
93%
1934 Italie
93%
2010 Espagne
92%
1950 Uruguay
87%
1930 Uruguay
87%
1966 Angleterre
76%
2002 Brazil
67%
1994 Brazil
67%
1970 Brazil
67%
1962 Brazil
67%
1958 Brazil
67%
Aucun quiz correspondant
Distribution des résultats
% des personnes avec chaque résultat
Percentile par nombre de réponses
Votre historique - résultats
Vous n’avez pas pris ce quiz depuis la dernière actualisation